000 01092naa a22003137a 4500
001 BR8305872
003 BR-BrBNA
005 20240918175359.0
007 ta
008 230509b bl.||||| |||| 00| 0 por d
040 _aBR-BrBNA
_bpor
_cBiblioteca Nacional de Agricultura
041 _a(Pt)
072 _aF02
_b2480
090 _aF02 BR8305872
100 1 _aGoncalves, P. de S.
100 1 _aPaiva, J.R. de
100 1 _aRodrigues, F.M.
100 1 _aSouza, R.F. de
111 1 _a1. Seminario Agropecuario do Acre
_cRio Branco, AC (Brazil)
_d13-17 Jun 1983
245 1 _aPreparo e utilizacao do toco-alto-avancado na recuperacao de plantios de seringueira
260 3 _aRio Branco, AC (Brasil):
_c1983.
500 _aAnais do 1. Seminario Agropecuario do Acre Rio Branco, AC (Brasil): 1983. p. 307-318 (BR8305872-AM)F02
650 _aSERINGUEIRA
650 _aENXERTO
650 _aPLANTIO
773 0 _tAnais do 1. Seminario Agropecuario do Acre
_wF02 BR8305872
_gRio Branco, AC (Brasil), 1983. p. 307-318
909 _a202404
_bLucia
_c55
_dLucia Elande
942 _cAM
_2AGRIS
999 _c316407
_d316407